[Event "Montevideo Trebejos Primavera op"]
[Site "Montevideo"]
[Date "2019.09.23"]
[Round "5"]
[White "Olivera, Omar"]
[Black "Barcelo Fraixanet, Mario"]
[Result "1/2-1/2"]
[WhiteElo "1293"]
[BlackElo "1538"]
[PlyCount "52"]
[EventDate "2019.09.09"]
[EventType "swiss"]
[EventRounds "6"]
[EventCountry "URU"]
[SourceTitle "CBM 195 Extra"]
[Source "ChessBase"]
[SourceDate "2020.05.31"]
[SourceVersion "1"]
[SourceVersionDate "2020.05.31"]
[SourceQuality "1"]

1. d4 Nf6 2. Bf4 e6 3. e3 c5 4. c3 d5 5. Nd2 Bd6 6. Bg3 Qc7 7. Ngf3 Nbd7 8. Bb5 a6 9. Bxd7+ Nxd7 10. Qc2 b6 11. Bxd6 Qxd6 12. 0-0 Bb7 13. Rfe1 h6 14. Rac1 0-0 15. Nf1 Rfe8 16. Ng3 Rac8 17. Qb1 b5 18. b4 cxb4 19. cxb4 Rc4 20. a3 Rec8 21. Nd2 Rc3 22. Ne2 R3c6 23. Rxc6 Rxc6 24. Rc1 Qc7 25. Rxc6 Qxc6 26. Qc1 Qd6 1/2-1/2

[Event "Montevideo Trebejos Nostalgico op"]
[Site "Montevideo"]
[Date "2019.08.05"]
[Round "1"]
[White "Barcelo Fraixanet, Mario"]
[Black "Avedisian, Alexander"]
[Result "0-1"]
[WhiteElo "1532"]
[BlackElo "1866"]
[PlyCount "72"]
[EventDate "2019.08.05"]
[EventType "swiss"]
[EventRounds "6"]
[EventCountry "URU"]
[SourceTitle "EXT 2020"]
[Source "ChessBase"]
[SourceDate "2019.10.17"]
[SourceVersion "1"]
[SourceVersionDate "2019.10.17"]
[SourceQuality "1"]

1. d4 Nf6 2. Nf3 g6 3. Nc3 Bg7 4. e4 d5 5. exd5 Nxd5 6. Nxd5 Qxd5 7. h3 0-0 8. Be2 Rd8 9. c3 c5 10. Be3 cxd4 11. Bxd4 Nc6 12. Bxg7 Kxg7 13. Qxd5 Rxd5 14. 0-0 Bf5 15. Rfd1 Rad8 16. Rxd5 Rxd5 17. Rd1 Rxd1+ 18. Bxd1 Kf6 19. Kf1 e5 20. Ke2 b5 21. Nd2 h5 22. h4 a5 23. Ke3 Be6 24. Bf3 Nd8 25. b3 Ke7 26. a3 f5 27. g3 Kd6 28. Be2 Bd7 29. f3 Ne6 30. c4 b4 31. axb4 axb4 32. g4 Nf4 33. gxh5 gxh5 34. Bf1 Kc5 35. Kf2 Kd4 36. Nb1 Ng6 0-1

[Event "Montevideo Biblioteca Nacional op"]
[Site "Montevideo"]
[Date "2019.07.09"]
[Round "2"]
[White "Toledo, Javier"]
[Black "Barcelo Fraixanet, Mario"]
[Result "1/2-1/2"]
[WhiteElo "1809"]
[BlackElo "1532"]
[PlyCount "64"]
[EventDate "2019.07.02"]
[EventType "swiss"]
[EventRounds "6"]
[EventCountry "URU"]
[SourceTitle "EXT 2020"]
[Source "ChessBase"]
[SourceDate "2019.10.17"]
[SourceVersion "1"]
[SourceVersionDate "2019.10.17"]
[SourceQuality "1"]

1. d4 Nf6 2. Nf3 e6 3. e3 c5 4. Bd3 b6 5. 0-0 Bb7 6. b3 cxd4 7. exd4 Be7 8. Bb2 0-0 9. Nbd2 d6 10. Qe2 Nbd7 11. c4 Rc8 12. Rfd1 Re8 13. Rac1 Bf8 14. Bb1 Nb8 15. Nf1 a5 16. Ng3 Qe7 17. Qd2 Nc6 18. Re1 Qd7 19. Ng5 Ne7 20. N5e4 Nxe4 21. Nxe4 Ng6 22. Qg5 Qe7 23. Qg3 Bxe4 24. Bxe4 Qd7 25. h4 d5 26. Bxg6 hxg6 27. Qf3 Qd8 28. g3 Qf6 29. Qd3 Qf5 30. Qf1 Bd6 31. Qg2 Re7 32. Red1 Rec7 1/2-1/2

[Event "Montevideo Noches de Misterio op"]
[Site "Montevideo"]
[Date "2018.05.09"]
[Round "4"]
[White "Cucchi, Leonardo"]
[Black "Barcelo Fraixanet, Mario"]
[Result "0-1"]
[WhiteElo "1252"]
[BlackElo "1532"]
[PlyCount "32"]
[EventDate "2018.04.18"]
[EventType "swiss"]
[EventRounds "6"]
[EventCountry "URU"]
[SourceTitle "CBM 184 Extra"]
[Source "ChessBase"]
[SourceDate "2018.06.28"]
[SourceVersion "1"]
[SourceVersionDate "2018.06.28"]
[SourceQuality "1"]

1. e4 g6 2. d4 Bg7 3. Nc3 c6 4. Bg5 d6 5. Bc4 Qc7 6. Qf3 Nf6 7. 0-0-0 Bg4 8. Qf4 e5 9. Qe3 Bxd1 10. Nxd1 0-0 11. h4 Nbd7 12. Qf3 exd4 13. g4 Ne5 14. Qf4 Nxc4 15. h5 Qe7 16. Bxf6 Qxf6 0-1

[Event "Montevideo Noches de Misterio op"]
[Site "Montevideo"]
[Date "2018.04.18"]
[Round "1"]
[White "Barcelo Fraixanet, Mario"]
[Black "Carbone, Pablo"]
[Result "1/2-1/2"]
[WhiteElo "1532"]
[BlackElo "1902"]
[PlyCount "95"]
[EventDate "2018.04.18"]
[EventType "swiss"]
[EventRounds "6"]
[EventCountry "URU"]
[SourceTitle "CBM 184 Extra"]
[Source "ChessBase"]
[SourceDate "2018.06.28"]
[SourceVersion "1"]
[SourceVersionDate "2018.06.28"]
[SourceQuality "1"]

1. d4 Nf6 2. Nf3 e6 3. e3 b6 4. Bd3 Bb7 5. 0-0 Be7 6. b3 d5 7. Bb2 0-0 8. Nbd2 Nbd7 9. Re1 Ne4 10. Ne5 Nxe5 11. dxe5 Nxd2 12. Qxd2 f5 13. a3 c5 14. f4 Rc8 15. Qe2 Qc7 16. c4 Rfd8 17. Rad1 Bf8 18. cxd5 Bxd5 19. Bc4 Qc6 20. Bxd5 Rxd5 21. Rxd5 Qxd5 22. Qc2 Rd8 23. Bc3 b5 24. Re2 Qd3 25. Kf2 Be7 26. Rd2 Qxc2 27. Rxc2 g5 28. Rd2 Rd5 29. Ke2 Kf7 30. Rxd5 exd5 31. g3 g4 32. b4 Ke6 33. Kd2 a6 34. bxc5 Bxc5 35. Bb4 Bb6 36. Kd3 a5 37. Bc3 Bd8 38. Kc2 h5 39. Kd3 h4 40. Kc2 h3 41. Kd3 Kd7 42. Kc2 Kc6 43. Bd4 Be7 44. Kb3 a4+ 45. Kb2 b4 46. axb4 Bxb4 47. Bc3 Bc5 48. Bd4 1/2-1/2

[Event "Montevideo Trebejos Autumn op"]
[Site "Montevideo"]
[Date "2018.03.19"]
[Round "6"]
[White "Marquez, Uberlindo"]
[Black "Barcelo Fraixanet, Mario"]
[Result "0-1"]
[WhiteElo "1280"]
[BlackElo "1515"]
[PlyCount "108"]
[EventDate "2018.03.07"]
[EventType "swiss"]
[EventRounds "7"]
[EventCountry "URU"]
[SourceTitle "CBM 183 Extra"]
[Source "ChessBase"]
[SourceDate "2018.04.19"]
[SourceVersion "1"]
[SourceVersionDate "2018.04.19"]
[SourceQuality "1"]

1. e4 g6 2. d4 Bg7 3. Nf3 c6 4. Be2 d5 5. e5 Nh6 6. Bf4 f6 7. exf6 exf6 8. Qd2 Nf7 9. Qe3+ Qe7 10. Qxe7+ Kxe7 11. c4 dxc4 12. Bxc4 Re8 13. 0-0 Kf8 14. Nbd2 Nd7 15. b4 Nb6 16. Bb3 Be6 17. Bxe6 Rxe6 18. a4 Nd5 19. Bg3 Nxb4 20. Nb3 b6 21. Rac1 Rae8 22. d5 cxd5 23. Nbd4 R6e7 24. Nb5 Rd7 25. Nfd4 Kg8 26. Nc7 Rc8 27. h4 Ne5 28. Bxe5 fxe5 29. Nde6 Bf6 30. g3 Bd8 31. Nb5 Rxc1 32. Rxc1 Kf7 33. Nxd8+ Rxd8 34. Rc7+ Kf6 35. Rxh7 a6 36. Nc3 Rd6 37. Kg2 Rc6 38. Ne2 d4 39. h5 gxh5 40. Rxh5 d3 41. Rh6+ Kg5 42. Rxc6 Nxc6 43. Nc3 Nd4 44. f3 b5 45. axb5 Nxb5 46. Ne4+ Kf5 47. Kf2 Nd4 48. Ke3 a5 49. Nd2 Nc6 50. Kxd3 Nd4 51. Ke3 a4 52. g4+ Ke6 53. Ke4 a3 54. f4 a2 0-1

[Event "Montevideo Trebejos Verano op"]
[Site "Montevideo"]
[Date "2018.01.24"]
[Round "5"]
[White "Marquez, Uberlindo"]
[Black "Barcelo Fraixanet, Mario"]
[Result "0-1"]
[WhiteElo "1230"]
[BlackElo "1512"]
[PlyCount "94"]
[EventDate "2018.01.15"]
[EventType "swiss"]
[EventRounds "6"]
[EventCountry "URU"]
[SourceTitle "CBM 182 Extra"]
[Source "ChessBase"]
[SourceDate "2018.02.23"]
[SourceVersion "1"]
[SourceVersionDate "2018.02.23"]
[SourceQuality "1"]

1. e4 g6 2. Nc3 Bg7 3. d4 c6 4. Nf3 d5 5. exd5 cxd5 6. Bf4 a6 7. Be2 Nf6 8. 0-0 0-0 9. Re1 Nc6 10. a3 Re8 11. Qd2 Bg4 12. Bh6 Qd6 13. Rad1 Rac8 14. Bxg7 Kxg7 15. h3 Bf5 16. Nh4 Bd7 17. Bf3 Be6 18. Na4 Nd7 19. Be2 b5 20. Nc3 Qc7 21. Bf1 Na5 22. Qg5 h6 23. Qg3 Qxg3 24. fxg3 Nc4 25. Bxc4 bxc4 26. Nf3 Rb8 27. Rb1 Rb7 28. g4 Reb8 29. Nd1 Rb6 30. c3 f6 31. Re2 Kf7 32. Ne3 Rb3 33. Kh2 Rxc3 34. bxc3 Rxb1 35. a4 Nb8 36. Ra2 Nc6 37. a5 Rb5 38. Nc2 Rxa5 39. Rxa5 Nxa5 40. Nb4 Nb7 41. Ng1 a5 42. Na2 Bd7 43. Kg3 Ba4 44. Ne2 Bb3 45. Nac1 a4 46. Kf3 a3 47. Nxb3 cxb3 0-1

[Event "Montevideo Municipal op"]
[Site "Montevideo"]
[Date "2017.09.04"]
[Round "3"]
[White "Marquez, Uberlindo"]
[Black "Barcelo Fraixanet, Mario"]
[Result "1/2-1/2"]
[WhiteElo "1187"]
[BlackElo "1530"]
[PlyCount "113"]
[EventDate "2017.08.30"]
[EventType "swiss"]
[EventRounds "7"]
[EventCountry "URU"]
[SourceTitle "CBM 180 Extra"]
[Source "ChessBase"]
[SourceDate "2017.10.06"]
[SourceVersion "1"]
[SourceVersionDate "2017.10.06"]
[SourceQuality "1"]

1. e4 e5 2. c4 Nf6 3. d3 Nc6 4. Nf3 d6 5. Be2 Be7 6. Nc3 Bg4 7. Be3 Qd7 8. 0-0 0-0 9. Qd2 a6 10. a3 Rfb8 11. b4 Bxf3 12. Bxf3 b5 13. Nd5 Nd4 14. Nxe7+ Qxe7 15. Bd1 c5 16. f4 Nd7 17. f5 f6 18. Bxd4 exd4 19. Bb3 Kf8 20. cxb5 axb5 21. Be6 Ke8 22. Qe2 Nf8 23. Bd5 Ra7 24. Qh5+ Kd8 25. Qd1 Rb6 26. Rf2 Rba6 27. Rfa2 Qe8 28. Qb3 Qd7 29. Be6 Qe8 30. Bd5 Qd7 31. g4 Qe8 32. h3 g6 33. Kg2 gxf5 34. Qd1 Ng6 35. Rf2 Qe5 36. Qd2 fxg4 37. hxg4 Qg5 38. Qxg5 fxg5 39. Kg3 Nf4 40. Rf3 cxb4 41. a4 bxa4 42. Bc4 Rb6 43. Rff1 b3 44. Ra3 Rb4 45. Kf3 Rab7 46. Rb1 Ng6 47. Ba6 Rc7 48. Bc4 Ne5+ 49. Kg3 Nxc4 50. dxc4 Rcxc4 51. Rf1 b2 52. Raf3 b1Q 53. Rf8+ Kd7 54. R1f7+ Kc6 55. Rc8+ Kb6 56. Rb8+ Kc6 57. Rc8+ 1/2-1/2

[Event "Montevideo Bouza Memorial"]
[Site "Montevideo"]
[Date "2017.07.12"]
[Round "1"]
[White "Avedisian, Alexander"]
[Black "Barcelo Fraixanet, Mario"]
[Result "1-0"]
[WhiteElo "1892"]
[BlackElo "1530"]
[PlyCount "41"]
[EventDate "2017.07.12"]
[EventType "swiss"]
[EventRounds "7"]
[EventCountry "URU"]
[SourceTitle "EXT 2018"]
[Source "ChessBase"]
[SourceDate "2017.10.13"]
[SourceVersion "1"]
[SourceVersionDate "2017.10.13"]
[SourceQuality "1"]

1. g3 Nf6 2. Bg2 e6 3. Nf3 d5 4. 0-0 c5 5. d3 Be7 6. Nbd2 0-0 7. e4 Nc6 8. e5 Nd7 9. Re1 Re8 10. h4 g6 11. Nf1 Bf8 12. Bf4 Bg7 13. c3 Qb6 14. Rb1 Qc7 15. Qe2 b5 16. b3 Bb7 17. N1h2 Ne7 18. Ng4 Nf5 19. Nf6+ Bxf6 20. exf6 Qd8 21. g4 1-0